John Hughes Movies - Statistics

General Stats
  • This quiz has been taken 53 times
  • The average score is 13 of 57
Answer Stats
Year Movie % Correct
1985 The Breakfast Club
93%
1984 Sixteen Candles
89%
1986 Ferris Bueller's Day Off
86%
1990 Home Alone
84%
1986 Pretty in Pink
84%
1989 Uncle Buck
70%
1985 Weird Science
68%
1987 Planes, Trains and Automobiles
64%
1997 Home Alone 3
55%
1992 Home Alone 2: Lost in New York
45%
1987 Some Kind of Wonderful
36%
1991 Curly Sue
34%
1989 National Lampoon's Christmas Vacation
34%
1983 National Lampoon's Vacation
32%
1988 She's Having a Baby
30%
1988 The Great Outdoors
30%
1992 Beethoven
27%
1985 National Lampoon's European Vacation
25%
1994 Baby's Day Out
23%
1991 Dutch
23%
1983 Mr. Mom
23%
1984 Mr. Mom
23%
2015 Vacation
23%
1991 Career Opportunities
20%
1993 Beethoven's 2nd
16%
2008 Drillbit Taylor
16%
2000 Beethoven's 3rd
14%
2001 Beethoven's 4th
14%
1997 Flubber
14%
1996 101 Dalmations
11%
1993 Dennis the Menace
11%
2002 Maid in Manhattan
11%
1994 Miracle on 34th Street
11%
1991 Only the Lonely
11%
1998 Reach the Rock
9%
2003 Beethoven's 5th
7%
2001 Just Visiting
7%
2012 Home Alone: The Holiday Heist
5%
1982 Class Reunion
2%
2002 Home Alone 4: Taking Back the House
2%
2001 New Port South
2%
2007 A Dennis the Menace Christmas
0%
2011 Beethoven's Christmas Adventure
0%
2014 Beethoven's Treasure Tale
0%
2014 Crazy for You
0%
2010 Darren and Abbey
0%
1998 Dennis the Menace Strikes Again!
0%
2013 Faraday
0%
2013 First Period
0%
2010 Jelly
0%
1995 Mallrats
0%
2021 Me You Madness
0%
1983 Savage Islands
0%
TBD Silent Bark
0%
2010 Skateland
0%
1980 The Secret Life of Nikola Tesla
0%
2014 The Truth About You
0%
No matching quizzes found
Score Distribution
Percent of People with Each Score
Percentile by Number Answered
Your Score History
You have not taken this quiz